000 00288nam a22001337a 4500
008 181107b xxu||||| |||| 00| 0 eng d
020 _a0671499262
041 _aeng
080 _a531
100 _a43
101 _aFIZ
245 _aThe World of Physics
_cWeaver, J,H
942 _2udc
_cBK
999 _c52222
_d52222